| 000 | 00610nam a22002057a 4500 | ||
|---|---|---|---|
| 999 |
_c147994 _d147994 |
||
| 005 | 20230703161521.0 | ||
| 010 | _aENG-121878 ENG-137201 | ||
| 020 |
_a9789380658612 _c495.00 |
||
| 035 | _aEN-105410 EN-120733 | ||
| 037 | _bDBAD/PUB | ||
| 082 | _a954.7092 | ||
| 100 | _aAmir Mir | ||
| 245 |
_aThe Bhutto murder trail : _b From Waziristan to GHQ / _cby Amir Mir |
||
| 260 |
_aNew Delhi _bTranquebar _c2013 |
||
| 270 |
_aBrij Mohan road,Daryaganj _bNew Delhi _e110002 |
||
| 300 |
_a280p. _c21cm(Hb) |
||
| 500 | _aIncludes index | ||
| 700 | _aAmir Mir | ||
| 942 |
_2ddc _cEN _h954.7092 _mAMI |
||